LEADER 00514nab a2200145 i 4500 001 000000309415 003 CaOOAMICUS 005 20180831172954.0 008 180831n xx uu u0 0und r 013 $a18508 040 $aSeMil$bita 100 1 $aNicora, Luigi,$c.$0(OLS)http://semarc/name/61485 245 10$aSulla necessità di una Università Teologica. 773 0 $t[Luglio-Dicembre].$g97-110,211-227,$w()273830 996 $6245$aSulla necessità di una Università Teologica$9(OLS)http://semarc/title/384469 LEADER 00946nas a2200229 i 4500 001 000000164142 003 CaOOAMICUS 005 20251121092408.0 008 071120b2007 it uu u0 0ita r 013 $a141509 040 $aSeMil$bita 245 10$aFriedrich Dürrenmatt e cinque poeti svizzeri del Novecento. 260 $aMilano :$bCrocetti,$c2007. 300 $a80 p. :$bill. ;$c25 cm. 500 $aNumero della rivista "Poesia. Mensile internazionale di cultura poetica", n. XX, 220/2007. 774 0 $aAmpollini, Maurizio$tPlanisfero di Urbano Monte.$w()305672 850 $aSeMil 852 $aSeMil$W1$xVenegono$y1$m5A VI 2/26$j264771$B115432$CSeMilBibl$Z2$F128893 $81 961 $aOmaggio: Ampollini Maurizio 996 $6245$aFriedrich Dürrenmatt e cinque poeti svizzeri del Novecento$9(OLS)http://semarc/title/234171 996 $6260$aMilano :$bCrocetti$9(OLS)http://semarc/publisher/32316